[Event "1. liga V 18/19, Gordic-RnK"]
[Site ""]
[Date "2019.02.03"]
[Round "7.5"]
[White "Piza, Vlastimil"]
[Black "Machlowski, Slawomir"]
[Result "1-0"]
[WhiteElo "2222"]
[BlackElo "2104"]
[PlyCount "0"]
[WhiteTeam "SK Gordic"]
[BlackTeam "Panda Rychnov n. K."]
[EventDate "2018.10.21"]

1. e4 e6 2. d3 c5 3. Nf3 d6 4. g3 g6 5. Bg2 Bg7 6. O-O Ne7 7. c3 O-O 8. Nbd2
Nbc6 9. Re1 b5 10. a3 Qb6 11. Qc2 a5 12. Nf1 Bd7 13. Bf4 e5 14. Bd2 h6 15. b4
Rac8 16. Qb2 cxb4 17. cxb4 a4 18. Be3 Nd4 19. Nxd4 exd4 20. Bd2 Be6 21. Rac1 g5
22. Rxc8 Rxc8 23. Rc1 Rc7 24. Rxc7 Qxc7 25. f4 g4 26. Qc1 Qxc1 27. Bxc1 Bb3 28.
Kf2 f5 29. exf5 d5 30. h3 Bd1 31. Ke1 gxh3 32. Bxh3 Bh5 33. g4 Be8 34. Ng3 Nc6
35. Bg2 Bf7 36. Nh5 Bh8 37. Bf3 Ne7 38. Ng3 Bg7 39. Kf2 Nc6 40. Nh5 Bh8 41. Bd2
Ne7 42. Ng3 Bg7 43. g5 Bf8 44. Ke2 Kh8 45. Kd1 h5 46. f6 Ng6 47. Bxh5 1-0

[Event "1. liga V 18/19, Gordic-RnK"]
[Site ""]
[Date "2019.02.03"]
[Round "7.6"]
[White "Jonas, Vlastimil"]
[Black "Seidl, Stepan"]
[Result "1/2-1/2"]
[WhiteElo "2098"]
[BlackElo "2158"]
[PlyCount "0"]
[WhiteTeam "Panda Rychnov n. K."]
[BlackTeam "SK Gordic"]
[EventDate "2018.10.21"]

1. b3 d5 2. Bb2 c5 3. e3 Nc6 4. Bb5 Qb6 5. Bxc6+ Qxc6 6. f4 Nf6 7. Nf3 g6 8.
O-O Bg7 9. Qe1 b6 10. d3 Bb7 11. Ne5 Qc8 12. h3 Nd7 13. Nd2 f6 14. Nxd7 Qxd7
15. Nf3 e6 16. Qd2 Qc6 17. d4 c4 18. c3 cxb3 19. axb3 O-O 20. Ra2 a5 21. Rfa1
Qb5 22. Qd1 Rfc8 23. Nd2 Qd3 24. Kf2 e5 25. Qe2 Qf5 26. Qg4 exf4 27. exf4 Qd3
28. Qe2 Qxe2+ 29. Kxe2 Ba6+ 30. Kf3 Bf8 31. Re1 Re8 32. Raa1 Bd6 33. g3 g5 34.
f5 Bd3 35. g4 Bf4 36. Nf1 Bxf1 37. Rxf1 Re3+ 38. Kg2 Rg3+ 39. Kf2 Rxh3 40. Rh1
Rd3 41. Rad1 Rxd1 42. Rxd1 b5 43. Ba3 Re8 44. Bc5 a4 45. bxa4 bxa4 46. Ra1 Ra8
47. Ke2 Kg7 48. Kd3 h5 49. gxh5 Kh6 50. c4 Kxh5 51. cxd5 Kg4 52. Kc4 Kxf5 53.
Kb5 g4 54. Kc6 g3 55. d6 Kg4 56. d7 g2 57. d5 Kf3 58. d6 Be3 59. Bxe3 Kxe3 60.
Kc7 Ra7+ 61. Kc8 Kf2 62. d8=Q Ra8+ 63. Kd7 Rxd8+ 64. Kxd8 g1=Q 65. Rxg1 Kxg1
66. Ke7 a3 67. d7 1/2-1/2

[Event "1. liga V 18/19, Gordic-RnK"]
[Site ""]
[Date "2019.02.03"]
[Round "7.7"]
[White "Kulovana, Eva"]
[Black "Novotny, Josef"]
[Result "1-0"]
[WhiteElo "2203"]
[BlackElo "2028"]
[PlyCount "0"]
[WhiteTeam "SK Gordic"]
[BlackTeam "Panda Rychnov n. K."]
[EventDate "2018.10.21"]

1. e4 e6 2. d4 d6 3. Nc3 c6 4. f4 b6 5. Nf3 Bb7 6. Bd3 Na6 7. O-O Nc7 8. Qe2
Qd7 9. a4 O-O-O 10. a5 b5 11. d5 b4 12. dxc6 Qxc6 13. Na2 d5 14. Ne5 Qe8 15. c3
f6 16. Nf3 dxe4 17. Bxe4 Ba6 18. c4 Nh6 19. Bd2 Bc5+ 20. Kh1 Qe7 21. b3 Rd7 22.
Qe1 Qd6 23. Nxb4 Bxb4 24. Bxb4 Qxf4 25. Nd4 Qg5 26. Nc6 Bb7 27. Nxa7+ Kb8 28.
Nc6+ Bxc6 29. Bxc6 Rd3 30. a6 Ka7 31. Ra5 1-0

[Event "1. liga V 18/19, Gordic-RnK"]
[Site ""]
[Date "2019.02.03"]
[Round "7.8"]
[White "Pavlicek, Miroslav"]
[Black "Sedlacek, Oldrich"]
[Result "0-1"]
[WhiteElo "1937"]
[BlackElo "2196"]
[PlyCount "0"]
[WhiteTeam "Panda Rychnov n. K."]
[BlackTeam "SK Gordic"]
[EventDate "2018.10.21"]

1. d4 d5 2. Nf3 c6 3. g3 Nf6 4. Bg2 Bf5 5. O-O Nbd7 6. b3 e6 7. c4 h6 8. Nc3
Be7 9. Nd2 O-O 10. e4 dxe4 11. Ndxe4 Nxe4 12. Nxe4 Nf6 13. Nc3 Qa5 14. Bb2 Rfd8
15. Re1 Ba3 16. Bxa3 Qxa3 17. Re2 Rac8 18. Rd2 Rd7 19. h3 Rcd8 20. Na4 Re7 21.
Nc3 Kh7 22. g4 Bg6 23. h4 Kg8 24. f4 Red7 25. h5 Bh7 26. Na4 Ne4 27. Bxe4 Bxe4
28. Rc1 Rxd4 29. Rxd4 Rxd4 30. Qxd4 Qxc1+ 31. Kh2 Qh1+ 0-1

[Event "1. liga V 18/19, Jundrov-RnK"]
[Site ""]
[Date "2019.02.17"]
[Round "8.1"]
[White "Buchnicek, Petr"]
[Black "Sabuk, Piotr"]
[Result "0-1"]
[WhiteElo "2313"]
[BlackElo "2386"]
[PlyCount "0"]
[WhiteTeam "Jezdci Jundrov"]
[BlackTeam "Panda Rychnov n. K."]
[EventDate "2018.10.21"]

1. d4 d5 2. Nf3 Nf6 3. Bf4 c5 4. c3 e6 5. e3 Nc6 6. Nbd2 cxd4 7. exd4 Nh5 8.
Be5 f6 9. Bg3 g6 10. Qc2 Bd7 11. Bd3 Rc8 12. a3 Kf7 13. O-O Bh6 14. Nb3 Nxg3
15. fxg3 Kg7 16. Rae1 b6 17. Nc1 Re8 18. Qf2 Kh8 19. g4 Bg7 20. Qh4 Kg8 21. g5
e5 22. dxe5 fxe5 23. Ba6 Rc7 24. c4 Nb8 25. Bb5 Bxb5 26. cxb5 Nd7 27. Rd1 e4
28. Nd4 Rxc1 29. Nc6 Rxd1 30. Rxd1 Qc7 31. Rxd5 Nb8 32. Rd2 Nxc6 33. Rc2 Bd4+
0-1

[Event "1. liga V 18/19, Jundrov-RnK"]
[Site ""]
[Date "2019.02.17"]
[Round "8.2"]
[White "Kozusek, Daniel"]
[Black "Pisk, Petr"]
[Result "1/2-1/2"]
[WhiteElo "2347"]
[BlackElo "2330"]
[PlyCount "0"]
[WhiteTeam "Panda Rychnov n. K."]
[BlackTeam "Jezdci Jundrov"]
[EventDate "2018.10.21"]

1. d4 Nf6 2. c4 e6 3. g3 d5 4. Nf3 Bb4+ 5. Bd2 Be7 6. Bg2 O-O 7. O-O c6 8. Qc2
b6 9. Rd1 Nbd7 10. b3 Bb7 11. Nc3 Rc8 12. e4 c5 13. exd5 exd5 14. Be3 dxc4 15.
d5 Bd6 16. bxc4 Re8 17. Bh3 Ra8 18. Bg5 Ne5 19. Nd2 Be7 20. Re1 Ng6 21. Bg2 Qd7
22. f4 h6 23. f5 Nf8 24. Bf4 Bd6 25. Bxd6 Rxe1+ 26. Rxe1 Qxd6 27. Nde4 Qe5 28.
Qf2 N8d7 29. Nxf6+ Qxf6 30. Ne4 Qd4 31. Nd6 Ba6 32. Re7 Qa1+ 33. Qe1 Qxe1+ 34.
Rxe1 Kf8 35. Re3 Rd8 36. a4 f6 37. Nb5 Bxb5 38. axb5 Ne5 39. Bf1 Ke7 40. h4 Kd6
41. h5 Re8 42. Be2 Re7 43. Kf2 1/2-1/2

[Event "1. liga V 18/19, Jundrov-RnK"]
[Site ""]
[Date "2019.02.17"]
[Round "8.3"]
[White "Fiala, Vaclav"]
[Black "Goluch, Piotr"]
[Result "0-1"]
[WhiteElo "2318"]
[BlackElo "2265"]
[PlyCount "0"]
[WhiteTeam "Jezdci Jundrov"]
[BlackTeam "Panda Rychnov n. K."]
[EventDate "2018.10.21"]

1. e4 c6 2. Nc3 d5 3. Nf3 Bg4 4. h3 Bxf3 5. Qxf3 e6 6. d4 dxe4 7. Nxe4 Nf6 8.
Bd3 Nbd7 9. c3 Nxe4 10. Bxe4 Nf6 11. Bc2 Qd5 12. Qxd5 cxd5 13. O-O Bd6 14. Ba4+
Ke7 15. Re1 Rhc8 16. g4 Rab8 17. Bb3 h6 18. f4 g6 19. Bc2 h5 20. f5 gxf5 21.
Bxf5 Rg8 22. g5 h4 23. g6 Ne4 24. Bxe4 dxe4 25. Rxe4 Rxg6+ 26. Kh1 Rbg8 27. Bf4
Rg2 28. Bxd6+ Kxd6 29. Rxh4 Rxb2 30. Rg4 Rxg4 31. hxg4 Ke7 32. g5 Kf8 33. a4
Rb3 34. d5 Rxc3 35. dxe6 fxe6 36. Rb1 Rc7 37. Rb5 b6 38. Rb4 Rc5 39. Rg4 Kg7
40. Re4 e5 41. Kg2 Kg6 42. Rg4 Kf5 43. Kg3 Rc7 44. Kh4 Rg7 45. Rg1 Rh7+ 46. Kg3
Kxg5 47. a5 b5 48. Rb1 Rb7 49. Kf3 Kf5 50. Rh1 Rc7 51. Rh5+ Ke6 52. Ke4 Rc4+
53. Kd3 Kd5 54. Rh7 a6 55. Rd7+ Kc5 56. Ra7 Rd4+ 0-1

[Event "1. liga V 18/19, Jundrov-RnK"]
[Site ""]
[Date "2019.02.17"]
[Round "8.4"]
[White "Fiedorek, Michal"]
[Black "Novosadova, Kristyna"]
[Result "1/2-1/2"]
[WhiteElo "2072"]
[BlackElo "2232"]
[PlyCount "0"]
[WhiteTeam "Panda Rychnov n. K."]
[BlackTeam "Jezdci Jundrov"]
[EventDate "2018.10.21"]

1. e4 e5 2. Nf3 Nc6 3. Bb5 f5 4. Bxc6 dxc6 5. Qe2 fxe4 6. Qxe4 Bd6 7. Nxe5 Qe7
8. d4 Nf6 9. Qe2 O-O 10. Nc4 Qxe2+ 11. Kxe2 Re8+ 12. Be3 Bf4 13. Nbd2 b5 14.
Kf3 g5 15. g3 Bxe3 16. Nxe3 c5 17. d5 Nxd5 18. Nxd5 Bb7 19. Rhe1 Bxd5+ 20. Kg4
h6 21. Nb3 Rf8 22. f4 Rf7 23. Nxc5 Kh8 24. Re5 Bg2 25. f5 Rg8 26. Re6 h5+ 27.
Kxh5 Bf3+ 28. g4 Rh7+ 29. Rh6 Bxg4+ 30. Kxg4 Rxh6 31. Ne6 Rh4+ 32. Kg3 Re4 33.
Rd1 Re3+ 34. Kg4 Re4+ 35. Kg3 Re3+ 36. Kg4 1/2-1/2

[Event "1. liga V 18/19, Jundrov-RnK"]
[Site ""]
[Date "2019.02.17"]
[Round "8.6"]
[White "Machlowski, Slawomir"]
[Black "Musil, Jiri"]
[Result "1-0"]
[WhiteElo "2104"]
[BlackElo "2187"]
[PlyCount "0"]
[WhiteTeam "Panda Rychnov n. K."]
[BlackTeam "Jezdci Jundrov"]
[EventDate "2018.10.21"]

1. g3 c5 2. Bg2 Nf6 3. c4 g6 4. Nc3 Bg7 5. Nh3 O-O 6. Nf4 Nc6 7. O-O a6 8. e3
Rb8 9. d4 cxd4 10. exd4 b5 11. c5 e5 12. dxe5 Nxe5 13. Qd6 Bb7 14. Bxb7 Ne8 15.
Qxa6 Nc7 16. Qa7 b4 17. Ncd5 Nb5 18. Qa6 Nd4 19. Rd1 Re8 20. Kg2 Nc2 21. Rb1 g5
22. Nh5 Re6 23. Qa7 Nd3 24. Bxg5 Nce1+ 25. Kf1 Rxb7 26. Bxd8 Rxa7 27. Nxg7 Kxg7
28. Rxe1 Rxe1+ 29. Rxe1 Nxe1 30. Kxe1 Rxa2 31. Bf6+ Kg6 32. Bd4 Kf5 33. Nxb4
Ra4 34. Bc3 Kg4 35. Ke2 Kh3 36. Nd3 Kxh2 37. Ke3 h5 38. b4 Ra3 39. Kd4 Kg2 40.
b5 Kf3 41. b6 Ra8 42. Kc4 Rb8 43. Bd4 f6 44. Bxf6 d6 45. Bd4 dxc5 46. Bxc5 Ke4
47. Nb4 h4 48. gxh4 Rh8 49. Bd6 Rxh4 50. Bg3 Rh6 51. Kb5 1-0

[Event "1. liga V 18/19, Jundrov-RnK"]
[Site ""]
[Date "2019.02.17"]
[Round "8.7"]
[White "Skacelik, Petr"]
[Black "Kacirek, Petr"]
[Result "1/2-1/2"]
[WhiteElo "2182"]
[BlackElo "2267"]
[PlyCount "0"]
[WhiteTeam "Jezdci Jundrov"]
[BlackTeam "Panda Rychnov n. K."]
[EventDate "2018.10.21"]

1. d4 d5 2. c4 e6 3. Nc3 c6 4. Nf3 f5 5. e3 Nf6 6. Bd3 Bd6 7. Qc2 Ne4 8. O-O
O-O 9. Ne5 b6 10. f3 Nxc3 11. Qxc3 a5 12. b3 Bb7 13. Bb2 Na6 14. Rad1 Qe7 15.
Bb1 Rac8 16. Qd2 Nb4 17. Nd3 Nxd3 18. Bxd3 Qh4 19. f4 Qe7 20. Qe2 c5 21. Qf2
Rfd8 22. h3 cxd4 23. exd4 g6 24. h4 Rc7 25. g3 Qd7 26. Rfe1 Re8 27. Rc1 Bf8 28.
Bf1 Rec8 29. Qe3 Kf7 30. Rc2 Bg7 31. Rec1 Bf6 32. Kf2 h6 33. Ke1 Bg7 34. Kf2
Bf6 35. Ke1 1/2-1/2

[Event "1. liga V 18/19, Jundrov-RnK"]
[Site ""]
[Date "2019.02.17"]
[Round "8.8"]
[White "Horak, Jan"]
[Black "Bednar, Jakub"]
[Result "1/2-1/2"]
[WhiteElo "2086"]
[BlackElo "2188"]
[PlyCount "0"]
[WhiteTeam "Panda Rychnov n. K."]
[BlackTeam "Jezdci Jundrov"]
[EventDate "2018.10.21"]

1. d4 Nf6 2. c4 e6 3. g3 d5 4. Bg2 Be7 5. Nf3 O-O 6. O-O b6 7. Nc3 Bb7 8. Qc2
Nbd7 9. Rd1 Qc8 10. b3 c5 11. Ba3 Re8 12. dxc5 dxc4 13. bxc4 Bxc5 14. Bxc5 Qxc5
15. Nb5 Red8 16. h3 Ne4 17. e3 a6 18. Nbd4 Qc7 19. Rac1 Ndc5 20. Nb3 Rac8 21.
Nfd4 Nd6 22. Nf3 Be4 23. Qe2 Nf5 24. Nbd4 e5 25. Nxf5 Bxf5 26. Nh4 Bd3 27. Qg4
e4 28. Nf5 Qe5 29. Qg5 Kf8 30. Qh5 g6 31. Qh6+ Kg8 32. Nd4 Ne6 33. Nxe6 Qxe6
34. Qf4 Rxc4 35. Rxc4 Qxc4 36. Bxe4 b5 37. Rxd3 Rxd3 38. Bxd3 Qxd3 39. Qb8+ Kg7
40. Qe5+ 1/2-1/2

[Event "1. liga V 18/19, BSS-Gordic"]
[Site ""]
[Date "2019.02.17"]
[Round "8.1"]
[White "Jasny, Stanislav"]
[Black "Haba, Petr"]
[Result "1/2-1/2"]
[WhiteElo "2361"]
[BlackElo "2446"]
[PlyCount "0"]
[WhiteTeam "BSS Frydek-Mistek "B""]
[BlackTeam "SK Gordic"]
[EventDate "2018.10.21"]

1. d4 d5 2. c4 c6 3. Nc3 Nf6 4. e3 e6 5. Nf3 Nbd7 6. Bd3 dxc4 7. Bxc4 b5 8. Be2
Bb7 9. O-O Be7 10. Qc2 O-O 11. Rd1 b4 12. Na4 c5 13. Nxc5 Nxc5 14. dxc5 Qc7 15.
a3 Qxc5 16. Qxc5 Bxc5 17. axb4 Bxb4 18. Bd2 Bxd2 1/2-1/2

[Event "1. liga V 18/19, BSS-Gordic"]
[Site ""]
[Date "2019.02.17"]
[Round "8.2"]
[White "Kratochvil, Josef"]
[Black "Vesselovsky, Serguei"]
[Result "1/2-1/2"]
[WhiteElo "2274"]
[BlackElo "2339"]
[PlyCount "0"]
[WhiteTeam "SK Gordic"]
[BlackTeam "BSS Frydek-Mistek "B""]
[EventDate "2018.10.21"]

1. e4 c5 2. Nf3 Nc6 3. Nc3 g6 4. d4 cxd4 5. Nxd4 Bg7 6. Nde2 Nf6 7. g3 d6 8.
Bg2 O-O 9. O-O Rb8 10. a4 a6 11. Nd5 Nd7 12. c3 e6 13. Ne3 Nf6 14. Nd4 Qc7 15.
Qe2 Bd7 16. Rd1 Rfd8 17. Nxc6 Bxc6 18. Ng4 Nxg4 1/2-1/2

[Event "1. liga V 18/19, BSS-Gordic"]
[Site ""]
[Date "2019.02.17"]
[Round "8.3"]
[White "Rabatin, Jakub"]
[Black "Karasek, Lukas"]
[Result "1-0"]
[WhiteElo "2318"]
[BlackElo "2281"]
[PlyCount "0"]
[WhiteTeam "BSS Frydek-Mistek "B""]
[BlackTeam "SK Gordic"]
[EventDate "2018.10.21"]

1. d4 Nf6 2. c4 e6 3. Nc3 Bb4 4. e3 O-O 5. Bd3 d5 6. a3 Bxc3+ 7. bxc3 dxc4 8.
Bxc4 c5 9. Nf3 Qc7 10. Ba2 Nc6 11. O-O e5 12. h3 Bf5 13. Bb2 Rad8 14. Qe2 Rfe8
15. Rfd1 a6 16. d5 Ne7 17. c4 Ng6 18. Bb1 Bxb1 19. Raxb1 Ne4 20. Qc2 Nd6 21. a4
Rb8 22. Nd2 f5 23. Ba1 b6 24. Bc3 Rb7 25. Ba1 Rbb8 26. Rb3 Rb7 27. Rdb1 Reb8
28. Nf3 Qe7 29. Qc3 Nf7 30. a5 b5 31. cxb5 Rxb5 32. Qc2 e4 33. Nd2 Nge5 34. Qc3
Qf8 35. Nc4 Nxc4 36. Qxc4 Nd6 37. Qc3 Rxb3 38. Rxb3 Rxb3 39. Qxb3 Qd8 40. Qc3
Qc7 41. Qe5 Qd7 42. Bb2 h6 43. Ba3 Nb7 44. d6 Qxd6 45. Qe8+ Qf8 46. Qe6+ Qf7
47. Qxa6 Qb3 48. Bxc5 f4 49. Qb6 Qd1+ 50. Kh2 Nxc5 51. Qxc5 f3 52. Qc8+ Kh7 53.
Qf5+ Kh8 54. Qxe4 fxg2 55. Kxg2 Qd6 56. Qf5 Qc6+ 57. e4 1-0

[Event "1. liga V 18/19, BSS-Gordic"]
[Site ""]
[Date "2019.02.17"]
[Round "8.4"]
[White "Piza, Vlastimil"]
[Black "Kubik, Michael"]
[Result "1-0"]
[WhiteElo "2222"]
[BlackElo "2264"]
[PlyCount "0"]
[WhiteTeam "SK Gordic"]
[BlackTeam "BSS Frydek-Mistek "B""]
[EventDate "2018.10.21"]

1. e4 c5 2. Nf3 e6 3. d4 cxd4 4. Nxd4 Nf6 5. Nc3 Nc6 6. Ndb5 Bc5 7. Bf4 O-O 8.
Bc7 Qe7 9. Bd6 Bxd6 10. Qxd6 Qd8 11. O-O-O a6 12. Nd4 Qb6 13. Nxc6 bxc6 14. f3
Ne8 15. Qd4 Qc7 16. e5 c5 17. Qe3 Bb7 18. Bd3 d5 19. exd6 Nxd6 20. Qe5 Rfd8 21.
Be4 Qb6 22. Bxb7 Nc4 23. Na4 Qxb7 24. Rxd8+ Rxd8 25. Qe2 Qb4 26. Rd1 Rb8 27. b3
Qa3+ 28. Kb1 Na5 29. Qxa6 Qb4 30. c3 1-0

[Event "1. liga V 18/19, BSS-Gordic"]
[Site ""]
[Date "2019.02.17"]
[Round "8.5"]
[White "Taus, Martin"]
[Black "Seidl, Stepan"]
[Result "1/2-1/2"]
[WhiteElo "2119"]
[BlackElo "2158"]
[PlyCount "0"]
[WhiteTeam "BSS Frydek-Mistek "B""]
[BlackTeam "SK Gordic"]
[EventDate "2018.10.21"]

1. e4 c5 2. c3 Nf6 3. e5 Nd5 4. d4 cxd4 5. Nf3 d6 6. cxd4 Nc6 7. Qb3 e6 8. Nc3
Nxc3 9. bxc3 Be7 10. exd6 Qxd6 11. Bd3 O-O 12. O-O b6 13. Be3 Bb7 14. Rad1 Rac8
15. c4 Qa3 16. Qb1 h6 17. d5 exd5 18. cxd5 Nb4 19. d6 Bf6 20. d7 Rcd8 21. Bc4
Nc6 22. Qf5 Ne7 23. Qh5 Qa4 24. Bb3 Qc6 25. Rc1 Qxd7 26. Rfd1 Qf5 27. Bxf7+ Kh7
28. Qxf5+ Nxf5 29. Bb3 Nxe3 30. fxe3 Rxd1+ 31. Rxd1 Rd8 32. Rxd8 Bxd8 33. Nd4
Bc7 34. Ne6 Bd6 35. Nf4 g5 36. Nd5 Kg6 37. g4 b5 38. Bc2+ Kg7 39. e4 Bc8 40.
Kg2 Bxg4 41. Ne3 Be6 42. Nf5+ Bxf5 43. exf5 Kf6 44. h3 Ke5 45. Kf3 h5 46. Ke3
Bc5+ 47. Kf3 Bd4 48. Kg3 Bc3 49. Kf3 a6 50. Ke3 Bd4+ 51. Kf3 Bc5 52. Kg3 Be7
53. Bd1 h4+ 54. Kg4 Bf6 55. Be2 Ke4 56. Bd1 Bd8 57. Bc2+ Ke3 58. Bb3 a5 59. Bd5
b4 60. Bb3 Be7 61. Ba4 Ke4 62. Bc6+ Kd4 63. Kh5 Kc5 64. Bd7 Kd6 65. Ba4 Ke5 66.
Kg4 Ke4 67. Bc6+ Kd4 68. Kh5 Kc5 69. Bd7 Kd6 70. Ba4 Ke5 71. Kg4 Bf6 72. Bc6
Kd4 73. Kh5 Ke5 74. Kg4 Bd8 75. Bd7 Kd4 76. Kh5 Kc3 77. Kg6 Kb2 78. Be6 a4 79.
f6 b3 80. axb3 axb3 81. Kxg5 Kc3 82. Kg6 b2 83. Bf5 Kd4 84. f7 Be7 85. Kg7 Ke5
86. Bb1 Kf4 87. f8=Q+ Bxf8+ 88. Kxf8 Kg3 89. Bf5 b1=Q 1/2-1/2

[Event "1. liga V 18/19, BSS-Gordic"]
[Site ""]
[Date "2019.02.17"]
[Round "8.6"]
[White "Zigo, Viktor"]
[Black "Mica, Marek"]
[Result "1-0"]
[WhiteElo "2262"]
[BlackElo "2248"]
[PlyCount "0"]
[WhiteTeam "SK Gordic"]
[BlackTeam "BSS Frydek-Mistek "B""]
[EventDate "2018.10.21"]

1. e4 e6 2. d3 d5 3. Nd2 c5 4. Ngf3 Nc6 5. g3 g6 6. Bg2 Bg7 7. O-O Nge7 8. Re1
b6 9. c3 a5 10. a4 O-O 11. Qc2 Ba6 12. Bf1 Qc7 13. Nb1 Rac8 14. Na3 Rfd8 15.
Nb5 Qd7 16. e5 Bxb5 17. axb5 Nb8 18. Bg5 Re8 19. c4 Qc7 20. Bh3 Qb7 21. Qe2 Nd7
22. g4 h6 23. Bf4 g5 24. Bg3 Ng6 25. Bg2 Re7 26. Rad1 Qa7 27. b3 d4 28. Qd2 Qc7
29. Qe2 Qd8 30. Rd2 Re8 31. Qd1 Bf8 32. Rde2 Be7 33. h3 Kg7 34. Re4 Rh8 35. Nd2
Qg8 36. Bf3 Kf8 37. Qe2 Ke8 38. Qf1 Qg7 39. Qg2 Bd8 40. Qh2 Bc7 41. R4e2 Kf8
42. Bc6 Ndxe5 43. Rxe5 Nxe5 44. Bxe5 Bxe5 45. Qxe5 Qxe5 46. Rxe5 Ke7 47. Bf3
Rc7 48. Re1 Ra7 49. Ra1 Rc8 50. Ne4 Rcc7 51. Ng3 Kf6 52. Kg2 Kg6 53. Be4+ Kf6
54. Nh5+ Ke5 55. Ng3 Kd6 56. Bc6 Ke5 57. Re1+ Kf6 58. Ne4+ Kg6 59. Ra1 f5 60.
Ng3 Re7 61. Re1 Kf6 62. Ra1 Kg6 63. Ra2 Rac7 64. Re2 Kf6 65. Re1 Ra7 66. Kf3 a4
67. bxa4 fxg4+ 68. hxg4 Rxa4 69. Ne4+ Kg6 70. Nd6 Ra3 71. Kg2 Kf6 72. Nc8 Rc7
73. Nxb6 Rxd3 74. Nd7+ Kg7 75. Nxc5 Rxc6 76. bxc6 Ra3 77. Nxe6+ Kf6 78. Nxd4
Rc3 79. c7 Rxc4 80. Re6+ Kf7 81. Rc6 Rxd4 82. c8=Q h5 83. Rc7+ Kf6 84. Qf5# 1-0

[Event "1. liga V 18/19, BSS-Gordic"]
[Site ""]
[Date "2019.02.17"]
[Round "8.7"]
[White "Gnojek, Petr"]
[Black "Brychta, David"]
[Result "1-0"]
[WhiteElo "2114"]
[BlackElo "2131"]
[PlyCount "0"]
[WhiteTeam "BSS Frydek-Mistek "B""]
[BlackTeam "SK Gordic"]
[EventDate "2018.10.21"]

1. d4 Nf6 2. c4 g6 3. f3 d5 4. cxd5 Nxd5 5. e4 Nb6 6. Nc3 Bg7 7. Be3 O-O 8. a4
a5 9. Rc1 c6 10. Be2 Be6 11. b3 N8d7 12. g4 f5 13. gxf5 gxf5 14. Nh3 Kh8 15.
Nf4 Bf7 16. e5 e6 17. h4 Rg8 18. Kf2 Bf8 19. Qf1 Nd5 20. Ncxd5 cxd5 21. Qh3 Be7
22. h5 h6 23. Rcg1 1-0

[Event "1. liga V 18/19, BSS-Gordic"]
[Site ""]
[Date "2019.02.17"]
[Round "8.8"]
[White "Kratochvil, Karel"]
[Black "Vantuch, Lucian"]
[Result "1-0"]
[WhiteElo "2162"]
[BlackElo "1942"]
[PlyCount "0"]
[WhiteTeam "SK Gordic"]
[BlackTeam "BSS Frydek-Mistek "B""]
[EventDate "2018.10.21"]

1. d4 Nf6 2. c4 e6 3. Nc3 Bb4 4. Nf3 b6 5. g3 Bb7 6. Bg2 O-O 7. O-O Bxc3 8.
bxc3 d6 9. a4 a5 10. Nd2 Bxg2 11. Kxg2 Nfd7 12. e4 e5 13. f4 f6 14. Nf3 Qe7 15.
dxe5 Na6 16. Qd5+ Kh8 17. exd6 cxd6 18. Ba3 Nac5 19. Rfe1 Rfe8 20. Rad1 Nxe4
21. Rd4 f5 22. Qxf5 Ndf6 23. Rdxe4 Nxe4 24. Ng5 Nxg3 25. Qxh7# 1-0

[Event "1. liga V 18/19, Trinec-Hostalkova"]
[Site ""]
[Date "2019.02.17"]
[Round "8.1"]
[White "Langner, Ladislav"]
[Black "Ponizil, Cyril"]
[Result "0-1"]
[WhiteElo "2391"]
[BlackElo "2503"]
[PlyCount "0"]
[WhiteTeam "TZ Trinec"]
[BlackTeam "Sachy Hostalkova"]
[EventDate "2018.10.21"]

1. e4 c5 2. Nf3 Nc6 3. d4 cxd4 4. Nxd4 Qb6 5. Nb3 Nf6 6. Nc3 e6 7. Bd3 Be7 8.
O-O O-O 9. a4 Qc7 10. a5 Nb4 11. Ra4 d5 12. exd5 exd5 13. Re1 Bg4 14. f3 Be6
15. Bg5 Nxd3 16. Qxd3 h6 17. Bf4 Qd7 18. Nd4 Rac8 19. Nxe6 fxe6 20. b3 Qc6 21.
Be5 Nd7 22. Bd4 Nc5 23. Qg6 Bf6 24. Rb4 Na6 25. Ra4 Bxd4+ 26. Rxd4 Rf6 27. Nxd5
exd5 28. Qh5 Nc7 29. Re7 Rcf8 30. Qe5 R8f7 31. c4 Rxe7 32. Qxe7 Re6 0-1

[Event "1. liga V 18/19, Trinec-Hostalkova"]
[Site ""]
[Date "2019.02.17"]
[Round "8.3"]
[White "Sikorova, Olga"]
[Black "Krejca, Jakub"]
[Result "1/2-1/2"]
[WhiteElo "2269"]
[BlackElo "2142"]
[PlyCount "0"]
[WhiteTeam "TZ Trinec"]
[BlackTeam "Sachy Hostalkova"]
[EventDate "2018.10.21"]

1. c4 e6 2. g3 d5 3. Bg2 Nf6 4. Nf3 Be7 5. O-O O-O 6. b3 c5 7. Bb2 Nc6 8. e3 b6
9. Nc3 Ba6 10. d3 Rc8 11. e4 dxe4 12. dxe4 Qxd1 13. Rfxd1 Rfd8 14. e5 Nd7 15.
Ne4 Bb7 16. Nd6 Bxd6 17. Rxd6 Nf8 18. Rad1 Rxd6 19. Rxd6 Rd8 20. Rxd8 Nxd8 21.
Kf1 Nd7 22. Ke2 Nc6 23. Ke3 Nb4 24. a3 Nc2+ 25. Kd3 Bxf3 26. Bxf3 Ne1+ 27. Ke2
Nxf3 28. Kxf3 Kf8 29. Ke4 Ke7 30. b4 Nb8 31. b5 Nd7 32. g4 Kf8 33. a4 h6 34. h4
Kg8 35. f3 g6 36. Bc1 Kg7 37. Be3 Kh7 38. f4 Kg7 39. Bd2 Kh7 40. a5 Kg7 41. a6
Kh7 42. h5 gxh5 43. gxh5 Kg7 44. f5 Kh7 45. f6 Nb8 46. Bc1 Nd7 47. Be3 Kg8 48.
Bxh6 Kh7 49. Bf4 Kg8 50. Kf3 1/2-1/2

[Event "1. liga V 18/19, Trinec-Hostalkova"]
[Site ""]
[Date "2019.02.17"]
[Round "8.4"]
[White "Malcanek, Jan"]
[Black "Sikora, Jan"]
[Result "0-1"]
[WhiteElo "2098"]
[BlackElo "2162"]
[PlyCount "0"]
[WhiteTeam "Sachy Hostalkova"]
[BlackTeam "TZ Trinec"]
[EventDate "2018.10.21"]

1. c4 c5 2. Nf3 g6 3. g3 Bg7 4. Bg2 Nc6 5. O-O Nh6 6. Nc3 Nf5 7. b3 d6 8. Bb2
h5 9. e3 h4 10. Re1 hxg3 11. hxg3 Kf8 12. d3 e5 13. Qd2 g5 14. e4 Nfd4 15. Nxd4
Nxd4 16. Nd5 Be6 17. Bxd4 exd4 18. f3 Be5 19. Kf2 Bxd5 20. exd5 Qf6 21. Rh1 Kg7
22. Qe2 Rae8 23. Qd2 Qf5 24. Rae1 b6 25. g4 Qf6 26. Rxh8 Rxh8 27. Rh1 Re8 28.
Re1 Bf4 29. Qd1 Be3+ 30. Kf1 Qf4 31. Rxe3 Rxe3 32. Kf2 Qh2 33. Qd2 Qh4+ 34. Kf1
Qg3 35. Qd1 Kf6 36. Qd2 Ke5 37. Qd1 Kf4 38. Qd2 a6 39. Qc1 Qh2 40. Qd2 Qg3 41.
Qc1 Ke5 42. Qd1 Kf6 43. Bh1 Qh2 44. Bg2 Qh7 0-1

[Event "1. liga V 18/19, Trinec-Hostalkova"]
[Site ""]
[Date "2019.02.17"]
[Round "8.5"]
[White "Kocian, Karel"]
[Black "Senkyr, Martin"]
[Result "1/2-1/2"]
[WhiteElo "2127"]
[BlackElo "2111"]
[PlyCount "0"]
[WhiteTeam "TZ Trinec"]
[BlackTeam "Sachy Hostalkova"]
[EventDate "2018.10.21"]

1. e4 c5 2. Nf3 e6 3. d4 cxd4 4. Nxd4 a6 5. Bd3 Qc7 6. O-O b6 7. c4 Bb7 8. Nc3
Nf6 9. Qe2 d6 10. Be3 Nbd7 11. Rac1 Be7 12. f3 Rc8 13. Rfd1 O-O 14. Qf2 Qb8 15.
Bf1 Bd8 16. b3 Bc7 17. Nde2 Rfe8 18. g3 Qa8 19. Bg2 Kh8 20. Rd2 Rg8 21. Rcd1
Nc5 22. g4 Ne8 23. g5 Bd8 24. Ng3 b5 25. cxb5 Nxb3 26. Rc2 Na5 27. Bf1 Nc4 28.
Bxc4 Rxc4 29. b6 f6 30. g6 f5 31. Qg2 Bh4 32. Qh3 Qd8 33. exf5 Bxf3 34. Rd4
Rxd4 35. Bxd4 e5 36. Be3 d5 37. b7 Rf8 38. b8=Q Qxb8 39. Qxh4 Nf6 40. Bg5 h6
41. Rf2 Qa7 42. Kf1 e4 43. Bxf6 Rxf6 44. Rd2 Qc5 45. Rxd5 Qc4+ 46. Kg1 Rf8 47.
Qe7 Qc8 48. Rd7 Rg8 49. f6 Qxc3 50. fxg7+ Qxg7 1/2-1/2

[Event "1. liga V 18/19, Trinec-Hostalkova"]
[Site ""]
[Date "2019.02.17"]
[Round "8.6"]
[White "Krmela, Ales"]
[Black "Fargac, Martin"]
[Result "0-1"]
[WhiteElo "2079"]
[BlackElo "2246"]
[PlyCount "0"]
[WhiteTeam "Sachy Hostalkova"]
[BlackTeam "TZ Trinec"]
[EventDate "2018.10.21"]

1. c4 e6 2. Nc3 d5 3. cxd5 exd5 4. d4 c6 5. Nf3 Bf5 6. e3 Nf6 7. Bd3 Bxd3 8.
Qxd3 Bd6 9. O-O O-O 10. a3 Nbd7 11. e4 dxe4 12. Nxe4 Nxe4 13. Qxe4 Nf6 14. Qh4
Nd5 15. Qe4 Re8 16. Qc2 h6 17. Bd2 Qf6 18. Rfe1 Bc7 19. Re4 Qg6 20. Rxe8+ Rxe8
21. Qxg6 fxg6 22. Re1 Rxe1+ 23. Bxe1 Kf7 24. Kf1 g5 25. h3 Ke6 26. g3 b5 27.
Ke2 a5 28. Kd3 a4 29. Bd2 Bd6 30. Nh2 Nf6 31. Nf1 g4 32. h4 Nd5 33. Nh2 Kf5 34.
Nf1 Bc7 35. Ne3+ Nxe3 36. Bxe3 h5 37. Bd2 Bd8 38. Bc1 Be7 39. Be3 g6 40. Bf4
Bxh4 0-1